000
00290nam a22001217a 4500
020
_a
MACL
082
_a
920/MAN
100
_a
MANDAL ABHIJIT
_9
83522
245
_a
SYAMA PRASAD MOOKERJEE
_b
THE LION OF PARLIAMENT
260
_a
NEW DELHI
_b
HAWK PRESS
_c
2022
650
_a
BIOGRAPHY
942
_c
BK
999
_c
68467
_d
68467